header

The transformed library (Record no. 115474)

MARC details
000 -LEADER
fixed length control field 01634nam a2200385 a 4500
082 04 - DEWEY DECIMAL CLASSIFICATION NUMBER
Classification number 020
100 1# - MAIN ENTRY--AUTHOR NAME
Personal name Woodward, Jeannette A.
245 14 - TITLE STATEMENT
Title The transformed library
260 ## - PUBLICATION, DISTRIBUTION, ETC. (IMPRINT)
Place of publication Chicago, Ill. :
Name of publisher ALA Editions,
Year of publication c2013.
300 ## - PHYSICAL DESCRIPTION
Number of Pages 1 online resource (xiii, 131 p.)
650 #0 - SUBJECT ADDED ENTRY--TOPICAL TERM
Topical Term Libraries
Topical Term Libraries
Topical Term Libraries and electronic publishing.
Topical Term Libraries
Topical Term Libraries and the Internet.
Topical Term Librarians
Topical Term Library science
Topical Term Libraries and society.
856 40 - ELECTRONIC LOCATION AND ACCESS
Uniform Resource Identifier http://site.ebrary.com/lib/rucke/Doc?id=10751732
588 ## -
-- Description based on online resource; title from title page (ebrary, viewed September 11, 2013).

No items available.

© 2026 Rongo University
Contact us: librarian | system librarian | Rongo university